El capital (Registro nro. 4081)

Detalles MARC
000 -LEADER
fixed length control field 01127 a2200241 4500
001 - CONTROL NUMBER
control field 45952
005 - DATE AND TIME OF LATEST TRANSACTION
control field 20260407155732.0
008 - FIXED-LENGTH DATA ELEMENTS--GENERAL INFORMATION
fixed length control field 260407a1979 arg spa d
003 - CONTROL NUMBER IDENTIFIER
control field AR-UNSa-BCEJYS
040 ## - CATALOGING SOURCE
Original cataloging agency AR-UNSa-BCEJYS
Language of cataloging spa
Transcribing agency AR-UNSa-BCEJYS
080 ## - UNIVERSAL DECIMAL CLASSIFICATION NUMBER
Universal Decimal Classification number 330.14
Common auxiliary subdivision Capital
020 ## - INTERNATIONAL STANDARD BOOK NUMBER
International Standard Book Number 968-419-074-3
041 ## - LANGUAGE CODE
Language code of text/sound track or separate title spa
100 1# - MAIN ENTRY--PERSONAL NAME
Personal name Sacristán, Manuel
245 10 - TITLE STATEMENT
Title El capital
264 #1 - PRODUCTION, PUBLICATION, DISTRIBUTION, MANUFACTURE, AND COPYRIGHT NOTICE
Place of production, publication, distribution, manufacture México :
Name of producer, publisher, distributor, manufacturer Grijalbo
Date of production, publication, distribution, manufacture, or copyright notice 1979
300 ## - PHYSICAL DESCRIPTION
Extent 64 p.
Dimensions 23 cm.
505 ## - FORMATTED CONTENTS NOTE
Formatted contents note VOL. II. Libro primero: EL PROCESO DE PRODUCCIÓN DEL CAPITAL: Sección Primera: MERCANCÍA Y DINERO: Capítulo Primero: La mercancía: 1. Los dos factores de la mercancía: valor de uso y valor (substancia de valor, magnitud de valor) – 2. Dúplice carácter del trabajo representado en las mercancías – 3. La forma de valor, valor de cambio – 4. El carácter de fetiche de la mercancía y su secreto - - Capítulo segundo: El proceso de cambio.
590 ## - LOCAL NOTE (RLIN)
Local note niveau_biblio:m niveau_hierar:0
700 1# - ADDED ENTRY--PERSONAL NAME
Personal name Marx, Carlos
856 41 - ELECTRONIC LOCATION AND ACCESS
Uniform Resource Identifier <a href="https://www.biblioeco.unsa.edu.ar/pmb/images/libros/L127239.jpg">https://www.biblioeco.unsa.edu.ar/pmb/images/libros/L127239.jpg</a>
Link text Imagen de portada
Electronic format type image/jpeg
942 ## - ADDED ENTRY ELEMENTS (KOHA)
Koha item type
Existencias
Withdrawn status Lost status Damaged status Not for loan Home library Current library Shelving location Date acquired Total checkouts Full call number Barcode Date last seen Price effective from Koha item type
        Biblioteca Prof. Eusebio Cleto del Rey Biblioteca Prof. Eusebio Cleto del Rey   07/04/2026   330.14 M392e v.2 L127239 07/04/2026 07/04/2026 Libro